|
|
|
|
| LEADER |
00000naa2a2200000 4500 |
| 001 |
183238 |
| 005 |
20251205111346.0 |
| 035 |
|
|
|a (RuTPU)RU\TPU\book\198621
|
| 090 |
|
|
|a 183238
|
| 100 |
|
|
|a 20100706d2004 k y0rusy50 ca
|
| 101 |
0 |
|
|a rus
|
| 102 |
|
|
|a RU
|
| 200 |
1 |
|
|a Разработка конструкции стенда для испытания передач с ПТК
|f И. А. Толмачёв, М. Н. Боголюбова
|
| 320 |
|
|
|a Библиогр.: 3 назв.
|
| 461 |
|
1 |
|0 (RuTPU)RU\TPU\book\66154
|t Современные техника и технологии
|o X Юбилейная международная научно-практическая конференция студентов, аспирантов и молодых ученых, посвященная 400-летию г. Томска, Томск, 29 марта - 2 апреля 2004 г.
|o труды
|f Томский политехнический университет
|d 2004
|
| 463 |
|
0 |
|0 (RuTPU)RU\TPU\book\65882
|t Т. 1
|v С. 207-208
|d 2004
|
| 610 |
1 |
|
|a стенды
|
| 610 |
1 |
|
|a конструкции
|
| 610 |
1 |
|
|a разработка
|
| 610 |
1 |
|
|a испытание
|
| 610 |
1 |
|
|a механические передачи
|
| 610 |
1 |
|
|a испытательные стенды
|
| 610 |
1 |
|
|a автоматизация
|
| 610 |
1 |
|
|a рабочие столы
|
| 610 |
1 |
|
|a труды учёных ТПУ
|
| 700 |
|
1 |
|a Толмачёв
|b И. А.
|
| 701 |
|
1 |
|a Боголюбова
|b М. Н.
|c специалист в области машиностроения
|c доцент Томского политехнического университета, кандидат технических наук
|f 1940-
|g Мария Никитична
|3 (RuTPU)RU\TPU\pers\26419
|
| 801 |
|
1 |
|a RU
|b 63413507
|c 20100706
|
| 801 |
|
2 |
|a RU
|b 63413507
|c 20150311
|g RCR
|
| 942 |
|
|
|c BK
|